| 000 | 00358nam a2200145Ia 4500 | ||
|---|---|---|---|
| 008 | 150201s2002 xx 000 0 und d | ||
| 082 |
_a294.6 _bE2002S |
||
| 100 | _aSINGH,HARBAS | ||
| 245 | _aTHE ENCYCLOPAEDIA OF SIKHISM | ||
| 250 | _a4TH | ||
| 260 |
_bPUNJAB UNIVERSITY _aPUNJAB _c2002 |
||
| 300 | _a1-608 | ||
| 650 | _aGENERAL DENTISTRY | ||
| 942 |
_2ddc _cBK |
||
| 999 |
_c4292 _d4292 |
||